Sports Quiz

Random Sports Quiz
Score 0/12 Timer 03:00
0 Plays Today
Stable Wrestler/Manager % Correct
D-Generation XShawn Michaels
98.5%
Four Horsemen (original)Ric Flair
97.4%
New World OrderKevin Nash
97.2%
New World OrderScott Hall
96.4%
Four Horsemen (original)Arn Anderson
95.6%
D-Generation XChyna
94.1%
New World OrderHollywood Hogan
93.8%
D-Generation XTriple H
93.8%
Four Horsemen (original)Ole Anderson
91.7%
Four Horsemen (original)Tully Blanchard
81.3%
D-Generation XRick Rude
76.9%
Four Horsemen (original)J.J. Dillon
67%
Remove Ads.
Support Sporcle.
Get the best of Sporcle when you Go Orange. This ad-free experience offers more features, more stats, and more fun while also helping to support Sporcle. Thank you for becoming a member.

You're not logged in!

Compare scores with friends on all Sporcle quizzes.
OR
Log In

Show Comments

Extras

Top Quizzes Today


Score Distribution

Your Account Isn't Verified!

In order to create a playlist on Sporcle, you need to verify the email address you used during registration. Go to your Sporcle Settings to finish the process.

Report this User

Report this user for behavior that violates our Community Guidelines.

Details: